000 01758cam a22004694i 4500
003 PE-LiUPU
005 20250731173516.0
008 150616s1953 xxc rb 000 0 eng d
020 _a0840796498
035 _a(Sirsi) i9780840796493
040 _aPE-LiUPU
_bspa
_cPE-LiUPU
_dPE-LiUPU
_erda
049 _aPRUA
082 0 4 _a259.4002
_bM79
_221
100 1 _aMorris, Bill,
_eautor.
245 1 4 _aThe complete handbook for recovery ministry in the church /
_cBill Morris.
264 1 _aCanadá :
_bThomas Nelson Publishers,
_c1953.
300 _a345 páginas ;
_c23 centímetros
336 _atext
_2rdacontent
337 _aunmediated
_2rdamedia
338 _avolume
_2rdacarrier
504 _aBibliografía: páginas 335-345.
505 0 _aDeveloping a philosophy: Why the needs a recovery ministry -- Defining the purpose: What it means to be a christ-centered support groupáginas -- Determining a strategy: How to organize and start support groups.
526 _aSEG42
526 _aSEG41
526 _aSEG40
526 _aSEG39
526 _aP94
526 _aP87
526 _aP86
526 _aP85
526 _aP77
526 _aP76
526 _aP35
650 0 4 _aSalud mental - Aspectos religiosos - Compendios, Manuales, Etc.
910 _ajck
_bjvq
_cjck
942 _2ddc
_cBOOK
949 _a259.4002 M79
_wDEWEY
_c1
_i41736
_lCCODEBUL1
_mBUL
_r0
_sY
_tBOOK
_u2015-6-16
_xTEOLOGIA
_zUNKNOWN
_0COMPRA
_o.STAFF. Colección General
994 _aC0
_bPEPRU
596 _a1
999 _a259.4002 M79
_wDEWEY
_c59406
_i41736
_f2021-11-10
_g5
_lCCODEBUL1
_mBUL
_p20.00
_r0
_sY
_tBOOK
_u2015-6-16
_xTEOLOGIA
_PP35
_0COMPRA
_o.STAFF. Colección Teología
_d59406
980 _81
_gALBERTO SANCHEZ Responsable de Automatización